000 00813nam a2200193 4500
001 113366
003 ES-MaACL
005 20250910063113.0
007 t|
008 061121s1928 sp r ||||1| spa d
100 1 _aPalacios, Julio,
_d1891-1970
_988408
245 1 0 _aDiscurso leido en la solemne sesión celebrada bajo la presidencia de S.M. el Rey D. Alfonso XIII... por el Presidente D. Julio Palacios y Martínez con ocasión de las bodas de plata de la Sociedad. 1903-1928
_b: tema, su historia.
260 _aToledo :
_b[s. n.],
_c1928 (
_fImp. A. Medina)
300 _a29 p. ;
_c23 cm.
594 _aPrecede al tít.: Real Sociedad Española de Física y Química.
710 2 _aReal Sociedad Española de Física y Química
_96395
852 _aES-MaACL
_j1738-F-4
999 _c113366
_d113366